| 000 | 00426nam a22001697a 4500 | ||
|---|---|---|---|
| 003 | NUST - PNEC | ||
| 005 | 20170116180957.0 | ||
| 008 | 150912b xxu||||| |||| 00| 0 eng d | ||
| 020 | _a8122408788 | ||
| 040 | _cLIBRARY | ||
| 082 | _a621.317 SUB | ||
| 100 |
_99319 _aSubrahmanyam, Vedam |
||
| 245 |
_aPower electronics _cVedam Subrahmanyam |
||
| 260 | _cc.1996 | ||
| 650 |
_99320 _aPower electronics _xEL |
||
| 942 |
_2ddc _cBK |
||
| 999 |
_c66582 _d66582 |
||